000 00279nam a22001217a 4500
008 170821b xxu||||| |||| 00| 0 eng d
041 _aeng
080 _24 ED
_a51
100 _a51
101 _aMAT
245 _aCALCULUS EARLY TRANSCENDENTALS
_cSTEWART.J
942 _2udc
_cBK
999 _c24361
_d24361